000 00645 a2200193 4500
001 28517
005 20260407155556.0
008 260407a1970 arg spa d
003 AR-UNSa-BCEJYS
040 _aAR-UNSa-BCEJYS
_bspa
_cAR-UNSa-BCEJYS
080 _a657
_xContabilidad
245 1 0 _aContabilidad práctica
264 1 _aBuenos Aires :
_bEl Coloquio
_c1970
300 _a258 p.
_c256 p.
505 _a1. Clasificación de cuentas - 2. Variaciones patrimoniales - 3. Patrimonio - 4. Plan de cuentas y clasificación - 5. Registro contable.........
942 _cBK
590 _aniveau_biblio:m niveau_hierar:0
100 1 _aKlein, Emilio
999 _c1727
_d1727